Interpretación del Padre Nuestro: El poema de Jesús
Guardat en:
| Autor principal: | |
|---|---|
| Format: | Llibre |
| Idioma: | espanyol |
| Publicat: |
Buenos Aires
Signocruz
2009
|
| Edició: | 1a. ed |
| Matèries: | |
| Etiquetes: |
Afegir etiqueta
Sense etiquetes, Sigues el primer a etiquetar aquest registre!
|
MARC
| LEADER | 00000nam a2200000 a 4500 | ||
|---|---|---|---|
| 001 | UCG3611 | ||
| 003 | CL-VaPUC | ||
| 008 | 100909e20090000AG |||||||||||||||||spa|d | ||
| 020 | |a 9789872280727 | ||
| 082 | 0 | 4 | |a 189.4 |b CAR |2 21 |
| 100 | 0 | |a Carnelutti, Francesco |e author |9 384867 | |
| 245 | 1 | 0 | |a Interpretación del Padre Nuestro: El poema de Jesús |
| 250 | |a 1a. ed | ||
| 300 | |a 156 p | ||
| 942 | |c BK | ||
| 945 | |d 20100909 00:00:00 |a dcastane | ||
| 260 | |a Buenos Aires |b Signocruz |c 2009 | ||
| 650 | 0 | |a Catequesis |9 314526 | |
| 650 | 0 | |a Padre nuestro |9 335379 | |
| 583 | |a last modification |c 20100909 00:00:00 |k Rodrigo Vera | ||
| 999 | |c 342659 |d 342657 | ||
| 952 | |0 0 |1 0 |4 0 |6 189_400000000000000_CAR_2009 |7 0 |8 A |9 439066 |a BIBTEO |b BIBTEO |d 2019-11-22 |i 4705963 |o 189.4 CAR 2009 |p 4705963 |r 2025-01-17 |w 2019-11-22 |y BK |k ICR | ||